[Geometry Dash] The Challenge List - Statistics

General Stats
  • This quiz has been taken 26 times
  • The average score is 11 of 75
Answer Stats
# Creator Challenge % Correct
2 BoBoBoBoBoBoBo VSC
100%
3 telepracity FINAL FANTASY
56%
1 Exen Illusion of Hell
44%
66 DaG Flutterwonder
28%
4 Zenmode my backyard
28%
22 UFWM 3SH in Hell
22%
15 Zenmode 50
22%
11 Zenmode aztec rave monkey
22%
38 sincos BLEED
22%
51 Eclipse ingrown toenail 3
22%
39 HaydenDom lightposts
22%
54 Acratic mestupid challenger
22%
14 Kolzaru NcaT Challenge
22%
10 Zentraa Oblivers
22%
17 Gorling Paraballa
22%
56 Irisu Sadism
22%
13 Nyan Cat SADOMASOCHISM
22%
42 EatingBabies wpopoff challenge
22%
5 zXdasfsa anodyne
17%
8 023bbAV6i bosco busch
17%
23 lunatismm Chromium
17%
9 jcack CorroZ B
17%
7 Quad EXPIRATION DATE
17%
24 Exen Falling Illusion
17%
28 IAmNot60hz Fried lEgg
17%
36 romgames Hell Ball Finale
17%
6 NucDev INTERCONNECTED
17%
43 coakmuffer Moscow Moment
17%
34 mark. Murder Mitten
17%
40 nobbbin Sad Chamber
17%
53 ionlycreate Vigorous Verdict
17%
21 Zenmode Vomit Rose
17%
69 Seebi yossarian challenge
17%
30 Revenant Zapped Balls
17%
45 Nyan Cat 521
11%
37 Zenmode Cobalt Phosphate
11%
61 1goOse Doodkey to Zhirdow
11%
16 Hellfire2603 EVIL
11%
52 m/ Granola bar
11%
48 HaydenDom ktw
11%
57 scorpion Last Prism
11%
50 killburst ReTraYsiS
11%
12 Zenmode Solaria
11%
74 iamfinley Steel
11%
20 Quberry Stercore
11%
29 Fossa Torrent
11%
27 Seaze VENUS
11%
63 parker Viridescent
11%
70 inf7 2hreddies
6%
55 Zenmode AFP tunnel
6%
31 torn49 Apocalypse
6%
62 kwezy ash
6%
44 Milo beruliam
6%
35 Helix Blissful
6%
59 shdrr Burnout
6%
65 NucDev Chains Binding
6%
46 torn49 chesnok
6%
67 xEl3cTr0 Delusion
6%
75 torn49 Desiderium Doloris
6%
71 xEl3cTr0 Envenomed
6%
25 NucDev GRIM
6%
68 seels55 habit
6%
33 iamfinley HAZARD
6%
60 anixlol JENOVA
6%
64 HaydenDom Kokomo
6%
18 DenseCabbage lava
6%
49 rosaliedu38 Les Rouleaux
6%
72 modc Lost Sense
6%
19 Conix mystic haze
6%
26 DaG Our Special Place
6%
41 jcack Philly
6%
32 DenseCabbage racketeering v2
6%
47 iamfinley Romeo
6%
58 justaspoon2 sadrisE
6%
73 Avexa woopie
6%
No matching quizzes found
Score Distribution
Percent of People with Each Score
Percentile by Number Answered
Your Score History
You have not taken this quiz